Statistics for Biggest Things Quiz

Click here to take the quiz!

General Stats

  • This quiz has been taken 51,265 times
    (38,264 since last reset)
  • The average score is 17 of 26

Answer Stats

Category Biggest Thing % Correct
Land animal species (weight)African Elephant
99%
Country (population)China
93%
Country (land area)Russia
93%
Land animal species (height)Giraffe
92%
Planet (this solar system)Jupiter
89%
Mountain (height)Mount Everest
88%
Desert (non-arctic)Sahara
87%
U.S. state (population)California
84%
U.S. state (land area)Alaska
79%
Waterfall (flow rate)Niagara Falls
75%
River (volume)Amazon
74%
Animal speciesBlue Whale
70%
Human internal organ (weight)Liver
68%
Human boneFemur
68%
City (metro population)Guangzhou or Tokyo
63%
Island (area, non-continental)Greenland
60%
Tree species (height)Coast Redwood
57%
Public corporation (market value)Apple
57%
Freshwater lake (area)Lake Superior
48%
Waterfall (height)Angel Falls
47%
Building (height)Burj Khalifa
38%
U.S. stadium (capacity)Michigan Stadium
30%
Freshwater lake (volume)Lake Baikal
29%
Tree species (weight)Giant Sequoia
28%
Public corporation (revenue)Wal-Mart
26%
Cave (longest passage)Mammoth Cave
14%

Score Distribution

Percentile by Number Answered

Percent of People with Each Score

Your Score History

You have not taken this quiz since the last reset